=LDR 00000nam 2200000 4500 =001 INLIS000000000054166 =005 20190830084626 =035 ##$$a 0010-0819000008 =007 ta =008 190830###########################0###### =082 ##$$a 899.221 3 =084 ##$$a 899.221 3 Ama d =100 #$$a Anastasya Putri =245 1#$$a Disappeared =250 ##$$a Cet.1 =260 ##$:$b Novelindo Publishing,$c 2019 =300 ##$$a 305 hlm. =990 ##$$a 12741274 =990 ##$$a 31800371